000 00623nam a2200181Ia 4500
008 100920s9999 xx 000 0 und d
082 _b56584
_a24 थ 81
100 _aअभ्यंकर कुसूम.
245 _aजांभ्या दगडाचे डोळे.
260 _bशशीदीप प्रकाशन, पुणे.
_c1981
300 _a151
_bसाधी
365 _b30
520 _aसायो.
630 _aजांभ्या दगडाचे डोळे.
650 _aसायो.
730 _aजांभ्या दगडाचे डोळे.
942 _cBOOK
999 _c700635
_d700632